|
|
|
|
| LEADER |
00700nam a2200229Ia 4500 |
| 008 |
240829s9999 xx 000 0 und d |
| 020 |
|
|
|a 968-18-0107-5
|
| 040 |
|
|
|a BIBLIOTECA-RUPAP 515.35 B789
|
| 041 |
|
|
|a spa
|
| 082 |
|
|
|a 515.35 B789
|
| 100 |
1 |
|
|a Boyce, William E.
|
| 245 |
1 |
0 |
|a Ecuaciones diferenciales y problemas con valores en la frontera
|
| 250 |
|
|
|a 3a.ed.
|
| 260 |
|
|
|a México
|b Limusa
|c 1990
|
| 300 |
|
|
|a 744 p. :il.
|
| 650 |
7 |
|
|a ECUACIONES DIFERENCIALES
|
| 650 |
7 |
|
|b ECUACIONES DIFERENCIALES LINEALES
|
| 650 |
7 |
|
|c TRANSFORMADA DE LA PLACE
|
| 650 |
7 |
|
|d ECUACIONES DIFERENCIALES NO LINEALES. Diprima, Richard C, coaut. II. Tít.
|
| 942 |
|
|
|c BK
|2 ddc
|
| 991 |
|
|
|a TEXTO
|
| 999 |
|
|
|c 7476
|